Pictorial River Thames Crossings Quiz Stats

 Plays Quiz not verified by Sporcle

Challenge
Share
Tweet
Score 0/25 Timer 05:00
0 Plays Today
% Correct
Tower Bridge
100%
Westminster Bridge
92%
Millennium Foot Bridge
64.4%
Blackfriars Bridge
63.2%
Queen Elizabeth II Bridge
63.2%
London Bridge
55.2%
Hammersmith Bridge
54%
Albert Bridge
50.6%
Woolwich Ferry
49.4%
Emirates Air Line
47.1%
Rotherhithe Tunnel
46%
Waterloo Bridge
46%
Chelsea Bridge
44.8%
% Correct
Lambeth Bridge
44.8%
Blackwall Tunnel
41.4%
Greenwich Foot Tunnel
41.4%
Putney Bridge
41.4%
Southwark Bridge
36.8%
Cannon Street Railway Bridge
33.3%
Battersea Bridge
29.9%
Hungerford Bridge & Golden Jubilee Bridges
25.3%
Vauxhall Bridge
21.8%
Wandsworth Bridge
18.4%
Grosvenor Railway Bridge
17.2%
Walton-on-Thames Bridge (opened 2013)
12.6%

You're not logged in!

Compare scores with friends on all Sporcle quizzes.
Join for Free
OR
Log In

You Might Also Like...

Show Comments

Extras

Top Quizzes Today


Score Distribution

Your Account Isn't Verified!

In order to create a playlist on Sporcle, you need to verify the email address you used during registration. Go to your Sporcle Settings to finish the process.

Report this User

Report this user for behavior that violates our Community Guidelines.

Details: